Aku, dia dan rezeki 2

Bibliographic Details
Main Author: Mohamad Feroz Mohammed Zaini
Format: Book
Published: Shah Alam : Legacy Publishing PLT , 2018
Subjects:

MARC

LEADER 00000cam a2200000 7i4500
001 0000243512
005 20200721093157.0
020 |a 9789670893501 
090 0 0 |a 808.882   |b MOH 
100 0 |a Mohamad Feroz Mohammed Zaini 
245 1 0 |a Aku, dia dan rezeki 2   |c Mohamad Feroz Mohammad Zaini 
260 |a Shah Alam :   |b Legacy Publishing PLT ,   |c 2018 
300 |a 200p. ;   |c 19cm. 
600 1 0 |a Mohamad Feroz Mohammad Zaini ,   |d 1968-   |v Anecdotes 
650 0 |a Anecdotes 
999 |a 00376858   |b BUKU   |c PINJAMAN   |e PERPUSTAKAAN KOMUNITI PETALING JAYA